000 00314nam a22001337a 4500
008 170930b xxu||||| |||| 00| 0 eng d
020 _a9780139088070
041 _aeng
080 _a37
100 _a47
101 _aEDU
245 _aMAKING CHOICES FOR MULTICULTURAL EDUCATION
_cSLEETER, CH.E
942 _2udc
_cBK
999 _c30910
_d30910